000 00609nam a2200229Ia 4500
003 OSt
005 20221007072832.0
006 a|||||r|||| 00| 0
007 ta
008 221006b |||||||| |||| 00| 0 eng d
024 _a13,108
037 _cTextual
040 _aFLL
_cFLL
_beng
041 _2eng
_aeng
082 _aV654:2:N5, K3
100 _aOdumosu O.I. Au.
_9691466
245 0 _aNigerian constitution
260 _aLondon
_bSweet and Maxwell London
_c1963
300 _axix,407p
_ccm.
942 _hV654:2:N5, K3
_cTEXL
_2CC
999 _c1147072
_d1147072